| 000 | 00585cam a22002174a 4500 | ||
|---|---|---|---|
| 020 | _a0072437189 | ||
| 020 | _a0071214828 (ISE) | ||
| 040 | _cDLC | ||
| 082 | 0 | 0 | _a570 MCG 2004 A035 Or. |
| 245 | 0 | 0 | _aLife / |
| 250 | _a5th ed. | ||
| 260 |
_aBoston : _bMcGraw-Hill Higher Education, _cc2004. |
||
| 300 |
_axxiii, 981 p. : _bill. (some col.) ; _c29 cm. |
||
| 650 | 0 | _aBiology. | |
| 650 | 0 | _aHuman biology. | |
| 650 | 0 | _aLife sciences. | |
| 650 | 1 | 2 | _aBiological Sciences. |
| 700 | 1 | _aLewis, Ricki. | |
| 856 | 4 | 1 | _uhttp://www.loc.gov/catdir/toc/mh031/2002011268.html |
| 942 | _cEK | ||
| 999 |
_c12716 _d12716 |
||